|
|
|
|
| LEADER |
00000nam0a2200000 4500 |
| 001 |
195155 |
| 005 |
20231227140945.0 |
| 010 |
|
|
|a 9785982986153
|
| 035 |
|
|
|a (RuTPU)RU\TPU\book\212886
|
| 090 |
|
|
|a 195155
|
| 100 |
|
|
|a 20110504d2010 m y0rusy50 ca
|
| 101 |
0 |
|
|a rus
|
| 102 |
|
|
|a RU
|
| 105 |
|
|
|a a j 001zy
|
| 200 |
1 |
|
|a Физиология
|e учебное пособие для вузов
|f В. Н. Васильев, Л. В. Капилевич
|g Национальный исследовательский Томский политехнический университет (ТПУ)
|
| 210 |
|
|
|a Томск
|c Изд-во ТПУ
|d 2010
|
| 215 |
|
|
|a 184 с.
|c ил.
|
| 320 |
|
|
|a Библиогр.: с. 180.
|
| 330 |
|
|
|a В учебном пособии доступно излагаются понятия и научные сведения по основным разделам физиологии человека. Рассмотрены методы физиологических исследований, механизмы функционирования основных органов и систем человека. Предназначено для студентов, обучающихся по специальности <Физическая культура».
|
| 606 |
1 |
|
|a Физиология
|2 stltpush
|3 (RuTPU)RU\TPU\subj\63782
|9 80720
|
| 610 |
1 |
|
|a клеточные мембраны
|
| 610 |
1 |
|
|a покой
|
| 610 |
1 |
|
|a действие
|
| 610 |
1 |
|
|a потенциал
|
| 610 |
1 |
|
|a раздражимость
|
| 610 |
1 |
|
|a возбудимость
|
| 610 |
1 |
|
|a синапсы
|
| 610 |
1 |
|
|a мышцы
|
| 610 |
1 |
|
|a нервные клетки
|
| 610 |
1 |
|
|a нервные центры
|
| 610 |
1 |
|
|a нервные центры
|
| 610 |
1 |
|
|a двигательная активность
|
| 610 |
1 |
|
|a регуляция
|
| 610 |
1 |
|
|a вегетативные функции
|
| 610 |
1 |
|
|a высшая нервная деятельность
|
| 610 |
1 |
|
|a условные рефлексы
|
| 610 |
1 |
|
|a сенсорные системы
|
| 610 |
1 |
|
|a эндокринная система
|
| 610 |
1 |
|
|a кровь
|
| 610 |
1 |
|
|a сердце
|
| 610 |
1 |
|
|a сосуды
|
| 610 |
1 |
|
|a дыхание
|
| 610 |
1 |
|
|a пищеварение
|
| 610 |
1 |
|
|a выделение
|
| 610 |
1 |
|
|a учебные пособия
|
| 610 |
1 |
|
|a труды учёных ТПУ
|
| 675 |
|
|
|a 612(075.8)
|v 3
|
| 700 |
|
1 |
|a Васильев
|b В. Н.
|c специалист в области физической культуры и спорта
|c профессор Томского политехнического университета
|g Владимир Николаевич
|3 (RuTPU)RU\TPU\pers\28191
|
| 701 |
|
1 |
|a Капилевич
|b Л. В.
|c специалист в области физической культуры и спорта
|c профессор Томского политехнического университета, доктор медицинских наук
|f 1963-
|g Леонид Владимирович
|3 (RuTPU)RU\TPU\pers\24823
|9 11028
|
| 712 |
0 |
2 |
|a Национальный исследовательский Томский политехнический университет (ТПУ)
|c (2009- )
|3 (RuTPU)RU\TPU\col\15902
|
| 801 |
|
1 |
|a RU
|b 63413507
|c 20110504
|
| 801 |
|
2 |
|a RU
|b 63413507
|c 20151014
|g RCR
|
| 942 |
|
|
|c BK
|